Countries of South America by Bird Species - Statistics

General Stats
  • This quiz has been taken 19 times
  • The average score is 9 of 12
Answer Stats
Species Country % Correct
1,884 Colombia
94%
1,823 Peru
94%
1,398 Bolivia
89%
1,764 Brazil
89%
1,653 Ecuador
89%
1,363 Venezuela
78%
529 Chile
72%
1,020 Argentina
67%
769 Guyana
67%
700 Paraguay
67%
671 Suriname
67%
480 Uruguay
61%
No matching quizzes found
Score Distribution
Percent of People with Each Score
Percentile by Number Answered
Your Score History
You have not taken this quiz